Isu ekonomi, sosial dan politik Malaysia : (Kumpulan essei Dewan Masyarakat 1975 - 1979)

Bibliographic Details
Format: Book
Published: Kuala Lumpur : Dewan Bahasa dan Pustaka , 1983
Subjects:

MARC

LEADER 00000cam a2200000 7i4500
001 0000001645
005 20050422.0
040 |a INS 
090 0 0 |a PS597.2.   |b I84 1983 
245 1 0 |a Isu ekonomi, sosial dan politik Malaysia :   |b (Kumpulan essei Dewan Masyarakat 1975 - 1979) 
260 |a Kuala Lumpur :   |b Dewan Bahasa dan Pustaka ,   |c 1983 
300 |a 201 p ;   |c 22 cm. 
650 0 0 |a Economics   |z Malaysia 
999 |a 0000000409   |b BOOK   |c Open Shelf   |e Default branch